000 00613nam a2200229 i 4500
001 C2-0067052
003 PPAK
005 20190630222117.0
008 970308s1988 enka|||| ||||| | eng d
040 _aPPAK
_beng
_cPPAK
_erda
082 0 4 _a641.53
_223
090 0 0 _a641.53
_bCAL
_dR
100 1 _aCalvert, Catherine,
_eauthor
245 1 0 _aHaving tea
264 1 _aLondon :
_bSidgwick & Jackson ,
_c1988
300 _aviii, 87 pages :
_billustrations ;
_c26 cm
336 _2rdacontent
_atext
337 _2rdamedia
_aunmediated
338 _2rdacarrier
_avolume
650 1 0 _aCookery (Tea)
942 _ddc
_cB
999 _c7446
_d7446